The second Acolyte reader.
Saved in:
| Format: | Book |
|---|---|
| Language: | English |
| Published: |
Amsterdam, The Netherlands :
Acolyte Press,
1987.
|
| Edition: | 1st ed. |
| Subjects: | |
| Tags: |
Add Tag
No Tags, Be the first to tag this record!
|
| LEADER | 01270cam a2200337Ia 4500 | ||
|---|---|---|---|
| 001 | 014104236-2 | ||
| 005 | 20140627164614.0 | ||
| 008 | 990609s1987 ne 000 1 eng d | ||
| 016 | 7 | |a B8835539 |2 bccb | |
| 020 | |a 9069710064 (pbk.) | ||
| 020 | |a 9789069710068 (pbk.) | ||
| 035 | 0 | |a ocm41512586 | |
| 040 | |a SFR |c SFR |d OCLCQ |d NLGGC |d OCLCF | ||
| 090 | |a PS648.H57 |b S33 1987 | ||
| 245 | 0 | 4 | |a The second Acolyte reader. |
| 246 | 3 | 0 | |a Acolyte reader |
| 250 | |a 1st ed. | ||
| 260 | |a Amsterdam, The Netherlands : |b Acolyte Press, |c 1987. | ||
| 300 | |a 191 p. ; |c 18 cm. | ||
| 505 | 0 | |a Dangerous boys / Kevin Esser -- Timber thieves / Peter de Rast -- The great Kuddly Kub plan / Louis Walter Woods -- The boy who cried 'Wolf!' / Casimir Dukahz -- Tres flores / Hakim Bey -- Blackmail / Frank Turner -- Angelos / Bob Henderson -- Scruples / Robert Campbell -- Toy soldiers / Jared Bunda -- Prelude to a kiss / Louis A. Colantuono. | |
| 650 | 0 | |a Pedophilia |v Fiction. | |
| 650 | 0 | |a Gay men |v Fiction. | |
| 650 | 0 | |a Gay youth |v Fiction. | |
| 650 | 7 | |a Boys and men |v Fiction. |2 henn | |
| 650 | 7 | |a Gay men. |2 fast | |
| 650 | 7 | |a Gay youth. |2 fast | |
| 650 | 7 | |a Pedophilia. |2 fast | |
| 655 | 7 | |a Erotic fiction. |2 gsafd | |
| 655 | 7 | |a Fiction. |2 fast | |
| 988 | |a 20140627 | ||
| 906 | |0 OCLC | ||


